000 00412nam a2200157Ia 4500
003 GCL
008 140319s9999 xx 000 0 eng d
040 _aGCL /
_cGCL
082 0 4 _a791.437
_bW E
100 1 _aWASSEF, MAGDA
245 1 0 _aEGYPTE 100 ANS DE CINEMA /
_cWASSEF, MAGDA
260 _a[S.N] :
_bLIBRAIRIE DU PREMIER SIECLE DU CINEMA ،
_c1994
300 _a319 P
650 0 4 _aFILMS
942 _2ddc
_cBK
999 _c13838
_d13838